000 00613nam a2200193 i 4500
001 bgj
245 0 0 _aTHE Dream :
_band other stories : simplified edition /
_csimplified by G. C. Thornley, Lewis Jones and Michael Wolf.
260 _aHarlow, England :
_bLongman,
_c1997.
300 _a73 pp :
_bill. ;
_c20 cm.
490 1 _aLongman Fiction
650 9 _aCollections
_xBritish short stories
_xAmerican short stories
830 _aLongman Fiction
020 _a0582275261 (pbk)
040 _cBPK
041 0 _aeng
920 _a0-582-27526-1 (pbk)
942 _cKS
008 s uk f |000 0 eng
999 _c48291
_d48291
856 _uhttp://koha.tu.koszalin.pl/cgi-bin/koha/opac-detail.pl?biblionumber=48291
_yKatalog online BPK